| 000 | 00592nam a2200205Ia 4500 | ||
|---|---|---|---|
| 005 | 20251121144130.0 | ||
| 008 | 230125s9999 xx 000 0 und d | ||
| 020 | _a9780070603370 | ||
| 041 | _aeng | ||
| 082 |
_a158.1 _bZEI |
||
| 100 |
_aZeigler K _9215257 |
||
| 245 |
_aGetting Organized at Work _b24 Lessons to Set Goals, Establish Priorities and Manage Your Time |
||
| 260 |
_c2005 _bTata Mcgraw Hill _aNew Delhi |
||
| 300 | _a48p | ||
| 500 | _aPersonality Development | ||
| 650 |
_aPersonality Development _9213420 |
||
| 700 |
_aZeigler K _9215257 |
||
| 906 | _b47.5 | ||
| 942 | _cBK | ||
| 999 |
_c93961 _d93961 |
||